| 000 | 00468nam a2200169 i 4500 | ||
|---|---|---|---|
| 001 | 29830 | ||
| 003 | ES-MaACL | ||
| 005 | 20231224062914.0 | ||
| 007 | t| | ||
| 008 | 030123s1961 sp ||||1| spa d | ||
| 100 | 1 |
_aBaroja, Pío, _d1872-1956 _925752 |
|
| 245 | 1 | 4 |
_aLas inquietudes de Shanti Andia _b: novela / _cPío Baroja. |
| 260 |
_aBarcelona : _bPlaneta, _c[1961] |
||
| 300 |
_a357 p. ; _c24 cm. |
||
| 852 |
_aES-MaACL _jG-9642 _bR.48334 |
||
| 999 |
_c29830 _d29830 |
||